ER Characters Quiz - Statistics

General Stats
  • This quiz has been taken 235 times
  • The average score is 16 of 26
Answer Stats
Hint Answer % Correct
Became the defacto Main Cast Member after Greene's death Carter
96%
Surgeon who had a deaf son Benton
94%
Chief Resident in Season 1 Greene
90%
Moved to Seattle in Season 5 Ross
88%
Terrible luck with Helicopters Romano
86%
Left in Season 3, but came back five years later Lewis
85%
Nearly died in the Series Premiere Hathaway
81%
Widow of Dr. Greene Corday
79%
Left for a TV Station job in Miami Weaver
75%
Chief of Emergency Medicine in Seasons 12-13 Kovac
72%
Physician Assistant who was diagnosed with AIDS Boulet
68%
Sent to Africa in Season 12 as opposed to being fired Pratt
68%
Re-entered Med School after a three year hiatus Lockhart
66%
Died in Iraq Gallant
59%
Med Student that was stabbed to death Knight
59%
Euthanized her father in Season 11 Chen
56%
Pot-smoking Doctor turned Chief Resident Morris
55%
Briefly worked at Jumbo Mart in Season 11 Rasgotra
52%
Had a son at the age of 15 Taggart
46%
Paramedic turned Resident in final seasons Gates
42%
Eventually wound up with Dr. Benton Finch
41%
Doctor who was punched by Benton Malucci
37%
Doctor and Musician from Louisiana Barnett
30%
Austrailian nephew of Dr. Ansapugh Brenner
26%
Joined as the New Chief of Emergency Medicine (Season 15) Banfield
25%
Left after one year to go to Philadelphia Amico
12%
No matching quizzes found
Score Distribution
Percent of People with Each Score
Percentile by Number Answered
Your Score History
You have not taken this quiz